| 000 | 00900nam a2200265Ia 4500 | ||
|---|---|---|---|
| 003 | OSt | ||
| 005 | 20220926032227.0 | ||
| 006 | a|||||r|||| 00| 0 | ||
| 007 | ta | ||
| 008 | 220923b |||||||| |||| 00| 0 eng d | ||
| 037 | _cGeneral Book | ||
| 040 |
_aRTL _cRTL _beng |
||
| 041 |
_2eng _aeng |
||
| 082 | _aX 9(D85)OgF.192.N9, N8 | ||
| 110 |
_aInternational Environmental Technology Centre _9275165 |
||
| 245 | 0 | _aSourcebook of alternative technologies for freshwa | |
| 260 |
_aSura _bSopae _c1998 |
||
| 300 |
_a223p. _ccm. |
||
| 490 | _aIts, Technical Publication series, 8d. | ||
| 500 | _aUnited Nations Environment Programme water Branch; South Pacific Applied Geoscience Commission | ||
| 650 | _aElectrical | ||
| 700 |
_aInternational Environmental Technology Centre _9275166 |
||
| 942 |
_hX 9(D85)OgF.192.N9, N8 _cGB _2CC |
||
| 999 |
_c654141 _d654141 |
||